| 000 | 00545nam a2200193 a 4500 | ||
|---|---|---|---|
| 001 | BRCA_6977 | ||
| 005 | 20190321142928.0 | ||
| 008 | 221111s1924----cc-abo####---#000-0#eng-# | ||
| 041 | _aeng | ||
| 044 | _acc | ||
| 050 | 4 | _b.I54 1924 | |
| 245 | 1 | 0 | _aInformation for travellers landing at Hong Kong. |
| 260 |
_aHong Kong _bThos. Cook & Son, Ltd. _c1924 |
||
| 300 |
_a61 p., xxxix. _bil., mapas, fotografías _c19 cm. |
||
| 500 | _aL177 | ||
| 651 | 4 |
_aHongkong _vGuía de viajeros _xDescripción y viajes _917374 |
|
| 902 | _aGFM | ||
| 942 |
_2lcc _cB |
||
| 999 |
_c6658 _d6658 |
||